000 00294nam a22001337a 4500
008 170209b xxu||||| |||| 00| 0 eng d
020 _a9781416060512
041 _aeng
080 _a61
100 _a4
101 _aSHM
245 _aCLINICS GERIATRIC MEDICINE
_cHOWARD SMITH
942 _2udc
_cBK
999 _c5020
_d5020